[Event "POL Youth-ch U20 Girls 2020"]
[Site "Pokrzywna"]
[Date "2020.12.02"]
[Round "5.11"]
[White "Starosta, Martyna"]
[Black "Siekanska, Maria"]
[Result "1-0"]
[WhiteElo "2094"]
[BlackElo "1919"]
[Annotator "NA"]
[PlyCount "87"]
[EventDate "2020.11.29"]
[EventType "swiss"]
[EventCountry "POL"]
[SourceTitle "playchess.com"]
[Source "ChessBase"]
[SourceQuality "1"]
[TimeControl "40/5400+30:1800+30"]

1. d4 {[%emt 0:00:00]} Nf6 {[%emt 0:00:00]} 2. Nf3 {[%emt 0:00:00]} e6 {[%emt 0:00:00]} 3. c4 {[%emt 0:01:47]} b6 {[%emt 0:00:16]} 4. g3 {[%emt 0:02:20]} Ba6 {[%emt 0:01:42]} 5. Qa4 {[%emt 0:03:08]} Bb7 {[%emt 0:02:19]} 6. Bg2 {[%emt 0:02:15]} Be7 {[%emt 0:01:59]} 7. O-O {[%emt 0:02:13]} O-O {[%emt 0:00:40]} 8. Nc3 {[%emt 0:00:55]} c5 {[%emt 0:05:12]} 9. dxc5 {[%emt 0:06:32]} Bxc5 {[%emt 0:04:18]} 10. b4 {[%emt 0:03:55]} Be7 $1 {[%emt 0:01:39]} 11. Bb2 {[%emt 0:02:03]} Nc6 {[%emt 0:05:39]} 12. a3 {[%emt 0:01:53]} Rc8 {[%emt 0:07:16]} 13. Rfd1 {[%emt 0:02:49]} Qc7 {[%emt 0:02:48]} (13... a5 $11) 14. Rac1 {[%emt 0:03:10]} Qb8 {[%emt 0:00:47]} 15. Nb5 {[%emt 0:13:22]} a6 {[%emt 0:02:08]} 16. Nbd4 $11 {[%emt 0:05:22]} Rfd8 {[%emt 0:02:07]} 17. Nxc6 {[%emt 0:06:26]} Bxc6 {[%emt 0:03:46]} 18. Qxa6 {[%emt 0:15:18]} d5 {[%emt 0:20:08]} 19. Ne5 {[%emt 0:07:53]} Ba8 {[%emt 0:11:27]} 20. Bd4 {[%emt 0:03:22]} Bd6 {[%emt 0:02:12]} 21. f4 {[%emt 0:05:24]} Bc7 {[%emt 0:01:29]} 22. c5 {[%emt 0:01:40]} bxc5 {[%emt 0:03:21]} 23. Rxc5 {[%emt 0:05:44]} Bb6 {[%emt 0:02:06]} 24. Qxb6 {[%emt 0:01:11]} Qxb6 {[%emt 0:00:30]} 25. Rxc8 Qxd4+ {[%emt 0:01:28]} 26. Rxd4 {[%emt 0:00:07]} Rxc8 {[%emt 0:00:10]} 27. b5 {[%emt 0:01:35]} Ne8 {[%emt 0:01:49]} 28. Ra4 {[%emt 0:01:30]} f6 {[%emt 0:03:08]} 29. Nd7 {[%emt 0:01:09]} Bb7 {[%emt 0:01:38]} 30. Ra7 {[%emt 0:00:45]} Rc7 {[%emt 0:00:37]} 31. Nb6 {[%emt 0:00:18]} Nd6 {[%emt 0:00:24]} 32. Ra5 {[%emt 0:01:12]} Rc2 {[%emt 0:02:44]} 33. Kf2 {[%emt 0:00:31]} d4 {[%emt 0:01:15]} 34. Bxb7 {[%emt 0:00:25]} d3 {[%emt 0:04:56]} 35. Ke1 {[%emt 0:00:37]} Rc1+ {[%emt 0:01:15]} 36. Kd2 {[%emt 0:00:23]} dxe2 {[%emt 0:00:09]} 37. Kxe2 {[%emt 0:00:17]} Nxb7 {[%emt 0:00:35]} 38. Ra8+ {[%emt 0:00:02]} Kf7 {[%emt 0:00:10]} 39. Ra7 {[%emt 0:00:01]} Rc2+ {[%emt 0:00:11]} 40. Kf3 {[%emt 0:00:00]} Rc3+ {[%emt 0:00:00]} 41. Kg4 {[%emt 0:01:42]} Rc7 {[%emt 0:02:03]} 42. Nc8 {[%emt 0:07:28]} h5+ {[%emt 0:03:56]} 43. Kxh5 {[%emt 0:05:47]} Kg8 {[%emt 0:00:39]} 44. Kg6 {[%emt 0:00:38]} 1-0

[Event "POL Youth-ch U20 Girls 2020"]
[Site "Pokrzywna"]
[Date "2020.12.02"]
[Round "5.12"]
[White "Barwinska, Ewa"]
[Black "Marcinczyk, Monika"]
[Result "0-1"]
[WhiteElo "1731"]
[BlackElo "2030"]
[Annotator "NA"]
[PlyCount "102"]
[EventDate "2020.11.29"]
[EventType "swiss"]
[EventCountry "POL"]
[SourceTitle "playchess.com"]
[Source "ChessBase"]
[SourceQuality "1"]
[TimeControl "40/5400+30:1800+30"]

1. e4 {[%emt 0:00:00]} c5 {[%emt 0:00:00]} 2. Ne2 {[%emt 0:00:00]} Nc6 {[%emt 0:00:00]} 3. c4 {[%emt 0:00:00]} g6 {[%emt 0:00:02]} 4. d4 {[%emt 0:00:04]} cxd4 {[%emt 0:00:05]} 5. Nxd4 {[%emt 0:00:13]} Bg7 {[%emt 0:00:08]} 6. Nc2 {[%emt 0:00:13]} Nf6 {[%emt 0:00:14]} 7. Nc3 {[%emt 0:00:14]} d6 {[%emt 0:00:17]} 8. Be2 {[%emt 0:00:41]} O-O {[%emt 0:00:43]} 9. Be3 {[%emt 0:00:26]} Be6 {[%emt 0:01:49]} 10. f3 {[%emt 0:01:16]} Nd7 {[%emt 0:04:35]} 11. Qd2 {[%emt 0:01:44]} Nde5 {[%emt 0:12:58]} (11... Qa5 $11) 12. b3 {[%emt 0:02:10]} Qa5 {[%emt 0:06:17]} 13. Nd4 {[%emt 0:04:55]} Nxd4 {[%emt 0:07:00]} 14. Bxd4 {[%emt 0:00:18]} Rfc8 {[%emt 0:04:51]} 15. Rc1 {[%emt 0:06:43]} a6 {[%emt 0:05:49]} 16. O-O {[%emt 0:07:32]} b5 {[%emt 0:07:55]} 17. cxb5 {[%emt 0:03:22]} axb5 {[%emt 0:01:15]} 18. Bxb5 {[%emt 0:09:46]} Rxc3 {[%emt 0:07:12]} 19. Rxc3 {[%emt 0:02:39]} Qxb5 {[%emt 0:00:13]} 20. Rfc1 {[%emt 0:05:57]} Qa6 {[%emt 0:02:18]} 21. R1c2 {[%emt 0:06:32]} f5 {[%emt 0:08:23]} 22. Rc7 $17 {[%emt 0:11:04]} Nd7 {[%emt 0:06:44]} 23. Bxg7 {[%emt 0:00:56]} Kxg7 {[%emt 0:00:15]} 24. Qd4+ {[%emt 0:03:13]} Kf7 {[%emt 0:00:42]} 25. R7c3 {[%emt 0:08:28]} Qa7 {[%emt 0:02:23]} 26. Qxa7 {[%emt 0:00:27]} Rxa7 {[%emt 0:00:01]} 27. exf5 {[%emt 0:02:21]} Bxf5 {[%emt 0:01:15]} 28. Rc7 {[%emt 0:02:49]} Ra6 {[%emt 0:02:42]} 29. Re2 {[%emt 0:01:16]} d5 {[%emt 0:00:40]} 30. g4 {[%emt 0:01:11]} Be6 {[%emt 0:00:07]} 31. b4 {[%emt 0:04:51]} d4 {[%emt 0:02:24]} 32. b5 {[%emt 0:02:22]} Rd6 {[%emt 0:00:47]} 33. Kf2 {[%emt 0:06:17]} d3 {[%emt 0:00:57]} 34. Rd2 {[%emt 0:00:06]} Nb6 {[%emt 0:05:19]} 35. Rc6 {[%emt 0:01:36]} Bc4 {[%emt 0:00:45]} 36. Rxd6 {[%emt 0:00:37]} exd6 {[%emt 0:00:01]} 37. Ke3 {[%emt 0:01:55]} Bxb5 {[%emt 0:01:06]} 38. Kd4 {[%emt 0:01:35]} Ba6 {[%emt 0:02:03]} 39. f4 {[%emt 0:01:03]} Ke6 {[%emt 0:01:28]} 40. h4 {[%emt 0:00:00]} h5 {[%emt 0:00:00]} 41. f5+ {[%emt 0:09:54]} gxf5 {[%emt 0:05:01]} 42. gxh5 {[%emt 0:00:07]} Nd7 {[%emt 0:09:00]} 43. h6 {[%emt 0:03:33]} Nf6 {[%emt 0:01:12]} 44. Rg2 {[%emt 0:01:21]} f4 {[%emt 0:08:25]} 45. a3 {[%emt 0:01:14]} Kf7 {[%emt 0:06:12]} 46. Rg7+ {[%emt 0:01:06]} Kf8 {[%emt 0:00:32]} 47. Rg2 {[%emt 0:00:22]} f3 {[%emt 0:03:20]} 48. Rf2 {[%emt 0:02:38]} Bb7 {[%emt 0:00:52]} 49. Kxd3 {[%emt 0:01:23]} Ng4 {[%emt 0:00:18]} 50. Rb2 {[%emt 0:03:50]} f2 {[%emt 0:00:16]} 51. Rxf2+ {[%emt 0:01:21]} Nxf2+ {[%emt 0:00:00]} 0-1

[Event "POL Youth-ch U20 Girls 2020"]
[Site "Pokrzywna"]
[Date "2020.12.02"]
[Round "5.15"]
[White "Mirowska, Oliwia"]
[Black "Hertlein, Irena"]
[Result "1-0"]
[WhiteElo "1820"]
[BlackElo "1893"]
[Annotator "NA"]
[PlyCount "65"]
[EventDate "2020.11.29"]
[EventType "swiss"]
[EventCountry "POL"]
[SourceTitle "playchess.com"]
[Source "ChessBase"]
[SourceQuality "1"]
[TimeControl "40/5400+30:1800+30"]

1. e4 c5 2. Nf3 Nc6 3. d4 cxd4 4. Nxd4 Nf6 5. Nc3 g6 6. Be2 Bg7 7. Nb3 O-O 8. Be3 a5 9. a4 d6 10. g4 d5 11. exd5 Nb4 12. Bf3 Bxg4 13. Bxg4 Nxg4 14. Qxg4 Nxc2+ 15. Ke2 Nxa1 16. Rxa1 Bxc3 17. bxc3 Qxd5 18. Nd4 Qc4+ 19. Kf3 f5 20. Qh3 e5 21. Rg1 exd4 22. Bxd4 Qd5+ 23. Kf4 Qe4+ 24. Kg5 f4 25. Qh6 Rf7 26. Kh4 f3+ 27. Rg4 Qe7+ 28. Kh3 Qe6 29. Kg3 Rd8 30. h4 Qd6+ 31. Kh3 Qf8 32. Rxg6+ hxg6 33. Qh8# 1-0

[Event "POL Youth-ch U20 Girls 2020"]
[Site "Pokrzywna"]
[Date "2020.12.03"]
[Round "6.1"]
[White "Malicka, Maria"]
[Black "Rudzinska, Michalina"]
[Result "0-1"]
[WhiteElo "2291"]
[BlackElo "2189"]
[Annotator "RC"]
[PlyCount "68"]
[EventDate "2020.11.29"]
[EventType "swiss"]
[EventCountry "POL"]
[SourceTitle "playchess.com"]
[Source "ChessBase"]
[SourceQuality "1"]
[TimeControl "40/5400+30:1800+30"]

1. e4 {[%emt 0:00:00]} c5 {[%emt 0:00:00]} 2. Nf3 {[%emt 0:00:00]} e6 {[%emt 0:00:00]} 3. d4 {[%emt 0:00:00]} cxd4 {[%emt 0:00:00]} 4. Nxd4 {[%emt 0:00:00]} Nc6 {[%emt 0:00:00]} 5. Nc3 {[%emt 0:00:00]} Qc7 {[%emt 0:00:01]} 6. Be2 {[%emt 0:00:32]} a6 {[%emt 0:00:08]} 7. O-O {[%emt 0:00:24]} Nf6 {[%emt 0:00:06]} 8. Be3 {[%emt 0:00:22]} Be7 {[%emt 0:00:09]} 9. f4 {[%emt 0:01:29]} d6 {[%emt 0:00:08]} 10. Qe1 {[%emt 0:01:02]} O-O {[%emt 0:00:20]} 11. Kh1 {[%emt 0:01:23]} Na5 {[%emt 0:00:36]} 12. Qg3 {[%emt 0:10:58]} Nc4 {[%emt 0:00:34]} 13. Bxc4 {[%emt 0:11:13]} Qxc4 {[%emt 0:00:06]} 14. e5 {[%emt 0:02:32]} Nh5 {[%emt 0:06:00]} 15. Qf3 {[%emt 0:07:11]} g6 {[%emt 0:00:10]} 16. Ne4 {[%emt 0:03:32]} d5 {[%emt 0:09:58]} 17. Nf2 {[%emt 0:05:27]} f6 {[%emt 0:04:50]} 18. Ng4 {[%emt 0:03:30]} fxe5 {[%emt 0:06:36]} 19. Nxe5 {[%emt 0:00:14]} Qc7 {[%emt 0:00:16]} 20. Qe2 {[%emt 0:10:45]} Bd6 {[%emt 0:05:55]} 21. Bd2 {[%emt 0:02:25]} Nf6 {[%emt 0:04:03]} 22. c4 {[%emt 0:04:09]} Ne4 {[%emt 0:02:56]} 23. Rac1 {[%emt 0:02:04]} Qg7 {[%emt 0:09:54]} 24. Ndf3 {[%emt 0:02:35]} Qh6 {[%emt 0:03:00]} 25. Qe1 {[%emt 0:06:56]} Nxd2 {[%emt 0:03:42]} 26. Qxd2 {[%emt 0:02:16]} Qxf4 {[%emt 0:03:15]} 27. Qxf4 {[%emt 0:02:57]} Rxf4 {[%emt 0:00:07]} 28. c5 {[%emt 0:00:08]} Bc7 {[%emt 0:01:56]} 29. Nd3 {[%emt 0:01:58]} Re4 {[%emt 0:03:31]} 30. Ng5 {[%emt 0:04:59]} Rd4 {[%emt 0:05:05]} 31. c6 {[%emt 0:03:52]} bxc6 {[%emt 0:05:40]} 32. Nc5 {[%emt 0:04:02]} Rh4 {[%emt 0:07:22]} 33. h3 {[%emt 0:02:56]} Bf4 {[%emt 0:01:40]} 34. g3 {[%emt 0:00:13]} Bxg5 {[%emt 0:05:01]} 0-1

[Event "POL Youth-ch U20 Girls 2020"]
[Site "Pokrzywna"]
[Date "2020.12.03"]
[Round "6.2"]
[White "Antolak, Julia"]
[Black "Dylag, Emilia"]
[Result "1-0"]
[WhiteElo "2313"]
[BlackElo "2082"]
[Annotator "TA"]
[PlyCount "73"]
[EventDate "2020.11.29"]
[EventType "swiss"]
[EventCountry "POL"]
[SourceTitle "playchess.com"]
[Source "ChessBase"]
[SourceQuality "1"]

{[%evp 17,72,53,51,67,89,70,81,81,81,37,91,91,100,96,95,60,80,54,89,101,90,90,77,76,129,131,156,156,153,143,185,209,211,199,169,166,280,138,144,140,135,138,165,0,33,57,23,31,-14,22,50,0,183,183,2272,2238,29999]} 1. e4 c5 2. Nf3 d6 3. d4 cxd4 4. Nxd4 Nf6 5. Nc3 a6 6. Bg5 e6 7. f4 Qc7 8. Bxf6 gxf6 9. Qf3 b5 10. a3 {B96: Sicilian Najdorf: 6 Bg5 e6 7 f4, lines other than 7...Qb6 and 7...Be7.} Bb7 11. Be2 h5 12. O-O-O {White is better.} Nd7 13. Kb1 O-O-O ({Better is} 13... f5 $1 $14) 14. f5 $16 e5 15. Nb3 {[#]} Kb8 $146 ({Predecessor:} 15... Nb6 16. Nd5 Nxd5 17. exd5 Kd7 18. Nd2 Ke7 19. Ne4 Rc8 20. c3 Qb6 21. Qh3 h4 {1-0 (62) Zautzig,H (2555)-Winkler,T (2522) ICCF email 2010}) 16. Nc1 Nb6 17. N1a2 Qc5 18. Nb4 Rc8 19. Ncd5 Nxd5 20. Rxd5 Qb6 (20... Qc7 $142) 21. Rd3 Rc5 22. Rhd1 h4 23. Rb3 Qa5 24. Nd5 $1 Bxd5 25. Rxd5 Rxd5 26. exd5 Bh6 (26... Be7 $142 27. Ka2 Rc8) 27. c4 (27. Qh5 $18 {has better winning chances.}) 27... Rc8 28. Qf2 {[%cal Rc4b5]} Ka8 29. Qxh4 Qd2 30. cxb5 $2 (30. Qxf6 $18 bxc4 31. Rb6 $1 {[%mdl 576] Double Attack}) 30... Qxe2 31. Qxh6 axb5 32. Qxf6 $18 {KQR-KQR} Qd1+ ({Don't go for} 32... Qxg2 $2 33. Qxd6 Qe4+ 34. Ka2 $18) 33. Ka2 Qxd5 34. h4 {Strongly threatening h5.} b4 $2 {[#]} (34... Rg8 $11) 35. Qe7 $1 bxa3 $2 {[#]} (35... Rg8 36. Qd7 (36. axb4 Rg3 $14) 36... Kb8) 36. Qd7 $1 {[%mdl 512] White threatens Qa4+ and mate.} Qc4 37. Qb7# {Weighted Error Value: White=0.19/Black=0.43} 1-0

[Event "POL Youth-ch U20 Girls 2020"]
[Site "Pokrzywna"]
[Date "2020.12.03"]
[Round "6.3"]
[White "Goraj, Barbara"]
[Black "Kulpa, Zuzanna"]
[Result "1-0"]
[WhiteElo "2078"]
[BlackElo "1806"]
[Annotator "TA"]
[PlyCount "107"]
[EventDate "2020.11.29"]
[EventType "swiss"]
[EventCountry "POL"]
[SourceTitle "playchess.com"]
[Source "ChessBase"]
[SourceQuality "1"]

{[%evp 9,107,-1,0,0,0,6,0,0,-6,-2,58,47,44,15,19,9,7,3,0,-64,-2,-39,-8,-6,26,6,6,10,12,11,16,10,21,19,19,19,20,22,27,17,32,12,18,9,16,16,46,35,54,68,54,68,52,57,95,100,125,130,140,125,206,64,72,90,86,97,308,297,300,293,394,391,380,372,363,378,374,354,344,320,529,539,539,547,531,513,470,464,437,207,469,465,789,794,848,820,1693,1633,29971,4802]} 1. e4 e5 2. Nf3 Nc6 3. Nc3 Nf6 4. a3 d5 5. Bb5 Nxe4 6. Qe2 {C47: Scotch Four Knights and Four Knights with 4 g3.} Nxc3 7. Qxe5+ Qe7 8. Qxe7+ {The position is equal.} Bxe7 9. dxc3 {[#]} O-O $146 (9... Bd6 $11) ({Predecessor:} 9... Bd6 10. Be3 O-O 11. O-O-O Ne7 12. c4 dxc4 13. Bxc4 Bg4 14. Be2 Nf5 15. Bd2 Nh4 16. Nxh4 Bxe2 {0-1 (49) Wieczorek,O (2463)-Klekowski,M (2499) Roquetas de Mar 2018}) 10. Bf4 $14 Bd8 11. O-O-O (11. Bxc6 $5 bxc6 12. O-O $14) 11... Ne7 12. Rhe1 Ng6 13. Bg3 Bg4 14. Kb1 (14. Rxd5 c6 $17) (14. Be2 $11) 14... c6 ({Black should play} 14... f5 $1 $15 15. Be5 (15. Rxd5 f4 $17) 15... Nxe5 16. Rxe5 Bf6) 15. Bd3 Bf6 16. c4 Be6 17. cxd5 Bxd5 18. Be4 Bxe4 19. Rxe4 Rad8 20. Rde1 h6 21. c3 Rd7 22. Kc2 Rfd8 23. a4 Kh7 24. h3 Rd5 25. Bf4 a6 26. Bc7 R8d7 27. Bb6 Re7 28. g3 Rdd7 29. Nd2 Rxe4 30. Nxe4 Be7 31. f4 Rd5 32. b4 f5 33. Nc5 Bxc5 34. Bxc5 $16 {[%mdl 4096] Endgame KRB-KRN} Kg8 {[#]} (34... Rd7 $16) 35. Re8+ ({White has to play} 35. h4 $1 $18) 35... Kf7 $14 36. Rb8 Rd7 37. a5 h5 $2 {[#] A mistake that costs the game.} (37... Ne7 $16 {was necessary.}) 38. h4 $1 $18 Ne7 39. Bxe7 Rxe7 {KR-KR} 40. Kd3 Ke6 41. Kd4 Kd6 42. Rd8+ Kc7 43. Rf8 Rd7+ 44. Ke5 g6 $2 (44... c5 45. bxc5 (45. Kxf5 b6 $18) 45... Rd3 46. Rf7+ (46. Kxf5 Rxg3 47. Ke6 Rg4 $16) (46. Rxf5 Rxc3 47. Ke6 Rxg3 $18) 46... Kc6 47. Rxg7 (47. Kxf5 Rxg3 48. Ke4 Rg4 $14) 47... Rd5+ 48. Ke6 Rxc5) 45. Rg8 Rd5+ 46. Ke6 Rd6+ 47. Kf7 Rd3 48. Rxg6 Rxc3 49. Ke6 (49. Rg5 $142) 49... Rb3 $2 (49... c5) 50. Rg7+ Kb8 (50... Kd8 $142 51. Rxb7 Rxg3 52. Kxf5 Rg4) 51. Kxf5 Rxb4 52. Kg6 c5 53. f5 b5 54. f6 {Weighted Error Value: White=0.13/Black=0.46} 1-0

[Event "POL Youth-ch U20 Girls 2020"]
[Site "Pokrzywna"]
[Date "2020.12.03"]
[Round "6.4"]
[White "Kroliczek, Gabriela"]
[Black "Parol, Pola"]
[Result "0-1"]
[WhiteElo "1911"]
[BlackElo "2069"]
[Annotator "RC"]
[PlyCount "72"]
[EventDate "2020.11.29"]
[EventType "swiss"]
[EventCountry "POL"]
[SourceTitle "playchess.com"]
[Source "ChessBase"]
[SourceQuality "1"]
[TimeControl "40/5400+30:1800+30"]

1. e4 {[%emt 0:00:00]} c5 {[%emt 0:00:00]} 2. Nc3 {[%emt 0:00:00]} Nc6 {[%emt 0:00:00]} 3. Bb5 {[%emt 0:00:00]} Nd4 {[%emt 0:00:15]} 4. Nf3 {[%emt 0:00:00]} a6 {[%emt 0:00:44]} 5. Bd3 {[%emt 0:00:00]} g6 {[%emt 0:01:05]} 6. O-O {[%emt 0:00:01]} Bg7 {[%emt 0:02:14]} 7. Nd5 {[%emt 0:07:18]} e6 {[%emt 0:12:40]} 8. Ne3 {[%emt 0:00:50]} d5 {[%emt 0:05:16]} 9. exd5 {[%emt 0:05:12]} exd5 {[%emt 0:00:48]} 10. Nxd4 {[%emt 0:05:52]} cxd4 {[%emt 0:14:05]} 11. Ng4 {[%emt 0:00:09]} Qg5 {[%emt 0:02:21]} 12. h3 {[%emt 0:10:16]} Qf4 {[%emt 0:05:30]} 13. Qe2+ {[%emt 0:05:00]} Be6 {[%emt 0:02:47]} 14. c4 {[%emt 0:07:43]} Ne7 {[%emt 0:02:29]} 15. cxd5 {[%emt 0:03:09]} Nxd5 {[%emt 0:00:52]} 16. Be4 {[%emt 0:00:19]} O-O {[%emt 0:04:08]} 17. d3 Qd6 18. f4 {[%emt 0:24:09]} f5 {[%emt 0:09:43]} 19. Bxd5 {[%emt 0:00:11]} Bxd5 {[%emt 0:00:21]} 20. Nh2 {[%emt 0:01:04]} Rfe8 {[%emt 0:01:15]} 21. Qf2 Qe6 {[%emt 0:05:29]} 22. Bd2 {[%emt 0:08:37]} Qe2 {[%emt 0:07:01]} 23. Qxe2 {[%emt 0:00:11]} Rxe2 {[%emt 0:00:06]} 24. Rf2 {[%emt 0:00:02]} Rae8 {[%emt 0:00:46]} 25. g3 {[%emt 0:06:50]} R2e6 {[%emt 0:02:09]} 26. a4 {[%emt 0:10:00]} Rc6 {[%emt 0:02:25]} 27. b4 {[%emt 0:00:07]} Rc2 {[%emt 0:00:50]} 28. Rb1 {[%emt 0:01:48]} Ra2 {[%emt 0:00:44]} 29. a5 {[%emt 0:00:05]} Ra3 {[%emt 0:00:54]} 30. b5 {[%emt 0:02:37]} Rxd3 {[%emt 0:00:36]} 31. Nf1 {[%emt 0:00:06]} Rb3 {[%emt 0:02:04]} 32. Rxb3 {[%emt 0:00:48]} Bxb3 {[%emt 0:00:04]} 33. bxa6 {[%emt 0:00:09]} bxa6 {[%emt 0:00:05]} 34. Rf3 {[%emt 0:00:59]} Bc4 {[%emt 0:01:00]} 35. g4 {[%emt 0:01:41]} Rb8 {[%emt 0:02:59]} 36. Kg2 {[%emt 0:01:34]} Bd5 {[%emt 0:00:11]} 0-1

[Event "POL Youth-ch U20 Girls 2020"]
[Site "Pokrzywna"]
[Date "2020.12.03"]
[Round "6.5"]
[White "Kiolbasa, Oliwia"]
[Black "Karykowska, Anna"]
[Result "1-0"]
[WhiteElo "2260"]
[BlackElo "1979"]
[Annotator "RC"]
[PlyCount "91"]
[EventDate "2020.11.29"]
[EventType "swiss"]
[EventCountry "POL"]
[SourceTitle "playchess.com"]
[Source "ChessBase"]
[SourceQuality "1"]
[TimeControl "40/5400+30:1800+30"]

1. e4 {[%emt 0:00:00]} c5 {[%emt 0:00:00]} 2. Nf3 {[%emt 0:00:00]} a6 {[%emt 0:00:00]} 3. c3 {[%emt 0:00:00]} e6 {[%emt 0:00:00]} 4. d4 {[%emt 0:00:10]} d5 {[%emt 0:00:08]} 5. e5 {[%emt 0:00:18]} Bd7 {[%emt 0:00:40]} 6. Bd3 {[%emt 0:00:25]} cxd4 {[%emt 0:00:24]} 7. cxd4 {[%emt 0:00:22]} Bb5 {[%emt 0:00:28]} 8. Bc2 {[%emt 0:00:29]} Bb4+ {[%emt 0:00:45]} 9. Bd2 {[%emt 0:00:31]} a5 {[%emt 0:01:49]} 10. Nc3 {[%emt 0:07:35]} Bxc3 {[%emt 0:07:33]} 11. Bxc3 {[%emt 0:00:28]} Nc6 {[%emt 0:00:38]} 12. Qd2 {[%emt 0:02:07]} h6 {[%emt 0:04:53]} 13. h4 {[%emt 0:04:59]} Nge7 {[%emt 0:02:23]} 14. Rh3 {[%emt 0:09:02]} Qb6 {[%emt 0:05:37]} 15. h5 {[%emt 0:05:18]} O-O-O {[%emt 0:05:08]} 16. Rg3 {[%emt 0:07:54]} Rdg8 {[%emt 0:03:10]} 17. Nh4 {[%emt 0:06:02]} Ba6 {[%emt 0:03:13]} 18. a3 {[%emt 0:06:42]} Qb5 {[%emt 0:07:33]} 19. O-O-O {[%emt 0:18:04]} Qe2 {[%emt 0:09:29]} 20. f3 {[%emt 0:01:14]} Qxd2+ {[%emt 0:05:55]} 21. Kxd2 {[%emt 0:00:10]} b6 {[%emt 0:01:35]} 22. Ke3 {[%emt 0:02:33]} Kc7 {[%emt 0:05:26]} 23. Be1 {[%emt 0:01:44]} Kd7 {[%emt 0:13:04]} 24. f4 {[%emt 0:01:50]} f5 {[%emt 0:04:53]} 25. Rc1 {[%emt 0:06:49]} Bc4 {[%emt 0:06:27]} 26. Bd1 {[%emt 0:05:55]} Rh7 {[%emt 0:01:23]} 27. Bf2 {[%emt 0:06:10]} Rc8 {[%emt 0:02:03]} 28. Rh3 {[%emt 0:00:06]} Rhh8 {[%emt 0:01:45]} 29. g4 {[%emt 0:01:31]} fxg4 {[%emt 0:02:10]} 30. Bxg4 {[%emt 0:00:02]} Rhf8 {[%emt 0:00:11]} 31. Rf3 {[%emt 0:01:19]} Nf5+ {[%emt 0:01:16]} 32. Bxf5 {[%emt 0:00:49]} exf5 {[%emt 0:00:02]} 33. Rg1 {[%emt 0:00:14]} Rf7 {[%emt 0:01:40]} 34. Rfg3 {[%emt 0:00:08]} Rg8 {[%emt 0:03:23]} 35. Rg6 {[%emt 0:00:17]} Nd8 {[%emt 0:00:23]} 36. Rxb6 {[%emt 0:01:15]} a4 {[%emt 0:01:10]} 37. Rd6+ {[%emt 0:00:47]} Kc7 {[%emt 0:00:38]} 38. Rxh6 {[%emt 0:00:49]} Re8 {[%emt 0:00:42]} 39. Rh7 {[%emt 0:02:25]} Ree7 {[%emt 0:00:48]} 40. Ng6 {[%emt 0:00:00]} Re8 {[%emt 0:00:00]} 41. Nh8 {[%emt 0:03:38]} Rd7 {[%emt 0:02:29]} 42. Rgxg7 {[%emt 0:00:53]} Bb5 {[%emt 0:00:51]} 43. Ng6 {[%emt 0:04:27]} Ne6 {[%emt 0:02:37]} 44. Rxd7+ {[%emt 0:00:11]} Bxd7 {[%emt 0:00:06]} 45. Be1 {[%emt 0:00:34]} Rb8 {[%emt 0:02:19]} 46. Bb4 {[%emt 0:00:55]} 1-0

[Event "POL Youth-ch U20 Girls 2020"]
[Site "Pokrzywna"]
[Date "2020.12.03"]
[Round "6.6"]
[White "Wikar, Martyna"]
[Black "Adamczyk, Zuzanna"]
[Result "1-0"]
[WhiteElo "2171"]
[BlackElo "1924"]
[Annotator "TA"]
[PlyCount "65"]
[EventDate "2020.11.29"]
[EventType "swiss"]
[EventCountry "POL"]
[SourceTitle "playchess.com"]
[Source "ChessBase"]
[SourceQuality "1"]

{[%evp 19,65,30,42,41,44,27,70,73,113,99,116,116,139,83,56,0,108,121,318,317,525,200,744,525,453,446,453,454,424,423,431,395,588,583,572,562,1170,1135,1025,1196,1149,1113,1134,1122,29982,29983,29997,29995]} 1. e4 c5 2. Nf3 e6 3. d4 cxd4 4. Nxd4 Nc6 5. Nc3 Qc7 6. f4 a6 7. Nxc6 Qxc6 8. Bd3 b5 9. Qe2 Bb7 10. Bd2 Bc5 11. O-O-O {B47: Sicilian: Taimanov: 5 Nc3 Qc7 6 f4, 6 g3 and 6 Be2.} Ne7 12. Qh5 b4 13. Na4 $1 {[%cal Ra4c5] White is slightly better.} d5 14. Nxc5 Qxc5 {[#]} 15. Rhe1 $1 Rc8 {[#]} 16. Be3 $146 (16. Kb1 $142) ({Predecessor:} 16. Qg5 O-O 17. Be3 Qc7 18. Bd4 Ng6 19. e5 a5 20. Kb1 a4 21. h4 Qd8 22. Qxd8 Rfxd8 {0-1 (38) Sukhov,M (2125)-Onoprijchuk,B (2357) Saratov 2009}) 16... Qc7 17. e5 ({Better is} 17. exd5 $14 Nxd5 18. Kb1) 17... Nc6 (17... Bc6 $11) 18. Kb1 $16 Qa5 $2 {A mistake that costs the game.} (18... g6 $16 19. Qh6 Qe7) 19. f5 $18 {Threatens to win with fxe6.} ({Worse is} 19. Bxh7 d4 $15) 19... b3 $2 (19... Nd8 20. Qg5 g6) 20. axb3 $2 $40 {[%mdl 128] Black is in trouble.} (20. fxe6 Qxa2+ {[#]} 21. Kc1 $1 {[%mdl 512]}) 20... exf5 $2 (20... Nb4 21. fxe6 Qa2+ 22. Kc1 Nxd3+ 23. Rxd3 O-O) 21. Bd2 Qc7 22. Qxf5 Nd4 23. Qg4 Ne6 24. Bb4 h5 25. Qh4 g5 (25... Qd8 $142 26. Qf2 Qd7) 26. Qf2 Qd8 27. Rf1 {[%csl Gf1][%cal Rf2f7]} Qd7 28. Qf6 Rg8 29. Bh7 Rg7 30. Bf5 {Hoping for Bxe6.} Rg8 {[#]} 31. c4 $1 {[%mdl 512] Threatening mate with cxd5.} d4 {[#]} (31... dxc4 32. Rxd7) 32. Rxd4 $1 {[%mdl 576] Pin} Qc7 (32... Qxd4 33. Qe7#) 33. Bxe6 {Weighted Error Value: White=0.44/Black=0.88} 1-0